खानम खां / (Record no. 113575)

MARC details
000 -LEADER
fixed length control field 01006nam a22002777a 4500
003 - CONTROL NUMBER IDENTIFIER
control field dpl
005 - DATE AND TIME OF LATEST TRANSACTION
control field 20180704125341.0
008 - FIXED-LENGTH DATA ELEMENTS--GENERAL INFORMATION
fixed length control field 180704b xxu||||| |||| 00| 0 eng d
010 ## - LIBRARY OF CONGRESS CONTROL NUMBER
LC control number A-988890
020 ## - INTERNATIONAL STANDARD BOOK NUMBER
Terms of availability 95.00
035 ## - SYSTEM CONTROL NUMBER
System control number A-988890, A-988899
037 ## - SOURCE OF ACQUISITION
Source of stock number/acquisition Cen Lib/Ret
040 ## - CATALOGING SOURCE
Original cataloging agency DPL
Language of cataloging HN
Transcribing agency 0
082 ## - DEWEY DECIMAL CLASSIFICATION NUMBER
Classification number
Item number शौकत
100 ## - MAIN ENTRY--PERSONAL NAME
Personal name शौकत थानवी
9 (RLIN) 52868
245 ## - TITLE STATEMENT
Title खानम खां /
Statement of responsibility, etc शौकत थानवी
246 ## - VARYING FORM OF TITLE
Title proper/short title Khanam khan /
Remainder of title by Shaukat Thanvi
260 ## - PUBLICATION, DISTRIBUTION, ETC. (IMPRINT)
Place of publication, distribution, etc दिल्ली
Name of publisher, distributor, etc आधुनिक प्रकाशन
Date of publication, distribution, etc 1999
270 ## - ADDRESS
City दिल्ली
Address 4-B/6, गुरुद्वारा मौहल्ला, मौजपुर
Postal code 110053
300 ## - PHYSICAL DESCRIPTION
Extent 95पृ.
Dimensions 21सेमी (सजिल्द)
650 ## - SUBJECT ADDED ENTRY--TOPICAL TERM
Topical term or geographic name as entry element हिन्दी साहित्य
9 (RLIN) 52869
650 ## - SUBJECT ADDED ENTRY--TOPICAL TERM
Topical term or geographic name as entry element उपन्यास
9 (RLIN) 52870
650 ## - SUBJECT ADDED ENTRY--TOPICAL TERM
Topical term or geographic name as entry element Hindi literature
9 (RLIN) 52871
650 ## - SUBJECT ADDED ENTRY--TOPICAL TERM
Topical term or geographic name as entry element Novel
9 (RLIN) 22513
942 ## - ADDED ENTRY ELEMENTS (KOHA)
Source of classification or shelving scheme Dewey Decimal Classification
Koha item type Hindi Books
Classification part
Call number suffix शौकत
Holdings
Withdrawn status Lost status Damaged status Not for loan Home library Current library Date acquired Source of acquisition Cost, normal purchase price Total Checkouts Full call number Barcode Date last seen Copy number Cost, replacement price Price effective from Koha item type Public note Source of classification or shelving scheme Collection code
Written off       Central Library Central Library 12/08/2015 Cen Lib/Ret 95.00   उ शौकत A-988890 12/08/2015 1 95.00 12/08/2015 Hindi Books Written off on approval by DLB (By Circulation); dtd 15-06-2023    
        Shahdara Branch Shahdara Branch 04/07/2018 BPPD/PUB 95.00   उ शौकत A-988899 04/07/2018   95.00 04/07/2018 Hindi Books   Dewey Decimal Classification Fiction

© Delhi Public Library
Hit Counter
free hit counter